000 00280nam a2200109Ia 4500
008 190912s9999||||xx |||||||||||||| ||und||
100 _aKareem Baksh Khalid
245 0 _aSindh Sobai league conference
260 _aKarachi
_bQuaid-e-Azam Academy
_c1998
300 _a2019
942 _cBK
999 _c7383
_d7383